000 00366nam a2200145Ia 4500
008 240729s9999 xx 000 0 und d
022 _a2084-9834
245 0 _aRheumatology
260 _aPoland
260 _bTermedia Publishing House
650 _aMedicine
856 _uhttps://doaj.org/toc/9430c80de6c347e4974e0b8dc662929e
942 _2ddc
942 _cDOAJEJ
999 _c74672
_d74672
945 _a1
_bMadushi Gamage
_c1
_dMadushi Gamage